000 01636nam1a22003131i 4500
001 RU\NLR\INFOCOMM_161\5000082703
005 20240726051624.0
035 _a(NLR Aleph) 009329879
090 _a9447063
_c9447063
100 _a20101004d1970 |||y0rusy50 ba
101 0 _afre
102 _aRU
105 _ay ||||000|y
200 1 _aÉtudes géobotaniques des pâturages du secteur ouest du département de Médéa de la République Algérienne Démocratique et Populaire
_fV. Botschantzev, H. Kolénov, Yu. Mirochnitchenko [и др.]
_g[Réd.: L. Rodin, B. Vinogradov
_gTrad. franç. rév. par O. Partchvsky]
_gURSS Min. de bonification et d'économie hydraulique. - Inst. botanique V. L. Komarov de l'Acad. des sciences de l'URSS. - Selkhozpromexport. Moscou
210 _aМ.
_cNaouka
_d1970
215 _a2 т.
_d30 см
300 _aПарал. тит. л. т. 1 на рус. яз.: Геоботанические исследования пастбищ в западной части департамента Медеа Алжирской Народной Демократической Республики
300 _aНа шмуцтит. надзаголовок также на рус. яз.
320 _aБиблиогр.: Т. 1, с. 121-124
686 _aБт10-40
_2rubbk
701 1 _9z01790
_aBočancev
_bV. P.
_f1910-
_gViktor Petrovič
_4070
701 1 _aKolénov
_bH.
_4070
701 1 _aMirochnitchenko
_bYu.
_4070
702 1 _aRodin
_bL. E.
_gLeonid Efimovič
_4340
790 1 _9z01701
_aBotschantzev
_bV.
_4070
801 1 _aRU
_bNLR
_c20101004
801 0 _aRU
_bNLR
_gPSBO
852 _aNLR
_jБт01 Д-7/18
942 _cBOOK